LEADER 01614nam a2200313 u 4500 001 000000058483 003 CaOOAMICUS 005 20070226120710.0 008 010605s1996 it u000 u ita u 020 $a8886590059 035 $a10891489 040 $aPUL$bita$dPUL(R) 245 00$aAfrica ed Europa :$bdalla dipendenza alla cooperazione. 260 $aVicenza :$bEdizioni del Rezzara,$cc1996. 300 $a243 p. ;$c21 cm 500 $a"Il presente volume raccoglie, a cura di Maria Vittoria Nodari, gli atti del 28° convegno sui problemi internazionali, promosso dall'Istituto di scienze sociali "Nicoḷ Rezzara" di Vicenza, svoltosi a Recoaro Terme dall'8 al 10 settembre 1995". 504 $aBibliografia in nota. 650 4$aCooperazione internazionale.$0(OLS)http://pul/subject/14987 651 4$aAfrica$xStoria.$0(OLS)http://pul/subject/9917 700 1 $aNodari, Maria Vittoria.$0(OLS)http://pul/name/5409 710 2 $aIstituto di scienze sociali "Nicoḷ Rezzara" (Vicenza).$0(OLS)http://pul/name/7132 711 2 $aConvegno sui problemi internazionali$n(28 :$d1995 :$cRecoaro Terme).$0(OLS)http://pul/name/40575 850 $aPUL 852 $aPUL$W1$xDP2 Filosofia 3$y112$m960 NODMA 1$j176746$nBK-PRI$b $qDDC 21$B76399$CPULBib$Z2$F76399 $H84896 $81 941 1 $a9 961 $aPrecedente collocazione: Fil 83 996 $6020$a8886590059$9(OLS)http://pul/number/74123 996 $6245$aAfrica ed Europa :$bdalla dipendenza alla cooperazione$9(OLS)http://pul/title/78349 996 $6260$aVicenza :$bEdizioni del Rezzara$9(OLS)http://pul/publisher/50803 LEADER 01050nam a2200253 a 4500 001 000000154494 003 CaOOAMICUS 005 20160930125227.0 008 160930s1991 it u000 u ita r 020 $a88-243-0902-X* 032 $aLibriCat 040 $aPUL$bita 245 03$aLa questione della tolleranza e le confessioni religiose :$batti del convegno di studi Roma, 3 aprile 1990. 260 $aNapoli :$bJovene,$c1991. 300 $a310 p. ;$c24 cm. 504 $aBibliografia in nota. 650 4$aTolleranza religiosa.$0(OLS)http://pul/subject/24021 850 $aPUL 852 $aPUL$W1$xDP1 Fondo G. Barberini$y122$m4 H 62$j177565$qFondi$B180537$CPULBib$Z2$F180537 $HBar1549 $81 941 1 $a1 996 $6020$a88-243-0902-X*$9(OLS)http://pul/number/161201 996 $6245$aLa questione della tolleranza e le confessioni religiose :$batti del convegno di studi Roma, 3 aprile 1990$9(OLS)http://pul/title/194103 996 $6260$aNapoli :$bJovene$9(OLS)http://pul/publisher/47845